000 00244nam a22000977a 4500
003 SGT
245 _ainternational journal of computational intelligence research
260 _bRIP RESEARCH INDIAN PUBLISHER
_c2019
300 _a400
942 _2ddc
_cBV
999 _c29113
_d29113